LEADER 01148nam a22003015i 4500 001 991002232409707536 007 cr nn 008mamaa 008 121227s1989 gw | s |||| 0|eng d 020 $a9783540468004 035 $ab14141851-39ule_inst 040 $aBibl. Dip.le Aggr. Matematica e Fisica - Sez. Matematica$beng 082 04$a510$223 084 $aAMS 35-06 084 $aAMS 35L 084 $aAMS 35M 245 00$aNonlinear hyperbolic problems$h[e-book] :$bproceedings of an advanced research workshop held in Bordeaux, France, june 13-17, 1988 /$cedited by Claude Carasso ... [et al.] 260 $aBerlin :$bSpringer,$c1989 300 $a1 online resource (viii, 256 p.) 440 0$aLecture Notes in Mathematics,$x0075-8434 ;$v1402 650 0$aMathematics 700 1 $aCarasso, Claude 773 0 $aSpringer eBooks 856 40$uhttp://dx.doi.org/10.1007/BFb0083863$zAn electronic book accessible through the World Wide Web 907 $a.b14141851$b03-03-22$c05-09-13 912 $a991002232409707536 996 $aNonlinear hyperbolic problems$980174 997 $aUNISALENTO 998 $ale013$b05-09-13$cm$d@ $e-$feng$ggw $h0$i0 LEADER 01389nam--2200385---4500 001 990000729050203316 005 20050307150641.0 010 $a88-204-8841-8 035 $a0072905 035 $aUSA010072905 035 $a(ALEPH)000072905USA01 035 $a0072905 100 $a20011112d1994----km-y0ENGy0103----ba 101 $aita 102 $aIT 200 1 $aSan Patrignano tra comunità e società$ericerca sui percorsi di vita di 711 ex-ospiti di San Patrignano$fPaolo Guidicini, Giovanni Pieretti 210 $aMilano$cF. Angeli$dc1994 215 $a750 p.$d22 cm 225 2 $aSociologia urbana e rurale$hSezione 3$iPovertà, sviluppo, intervento sociale$v27 410 $12001$aSociologia urbana e rurale$hSezione 3$iPovertà, sviluppo, intervento sociale$v27 606 $aTossicomani$xAssistenza$ySan Patrignano $xInterviste 676 $a326.29380945 700 1$aGUIDICINI,$bPaolo$0440398 701 1$aPIERETTI,$bGiovanni$033064 801 0$aIT$bsalbc$gISBD 912 $a990000729050203316 951 $aII.5. 1162(I L COLL. 32/27)$b125024 LM$cI L COLL. 959 $aBK 969 $aUMA 979 $aPATTY$b90$c20011112$lUSA01$h1044 979 $c20020403$lUSA01$h1721 979 $aPATRY$b90$c20040406$lUSA01$h1650 979 $aCOPAT2$b90$c20050307$lUSA01$h1506 996 $aSan Patrignano tra comunità e società$9962289 997 $aUNISA